|
|
|
|
| LEADER |
01257nam a22003011i 4500 |
| 001 |
10108794 |
| 003 |
GR-PaULI |
| 005 |
20230112095435.0 |
| 008 |
171228s2010 enka f 1 eng d |
| 952 |
|
|
|0 0
|1 0
|2 ddc
|4 0
|6 792_090000000000000_THE
|7 0
|9 218588
|a THST
|b THST
|d 2017-12-28
|i 014689
|l 4
|m 1
|o 792.09 THE
|p 025000199968
|r 2024-12-09 12:58:21
|s 2024-11-18
|t 1
|w 2017-12-28
|y BK15
|
| 999 |
|
|
|c 132306
|d 132306
|
| 020 |
|
|
|a 041546224X (pbk.)
|
| 020 |
|
|
|a 9780415837972 (hbk)
|
| 020 |
|
|
|a 9780415837965 (pbk)
|
| 020 |
|
|
|a 9780203788714 (ebk)
|
| 040 |
|
|
|a GR-PaULI
|b gre
|c GR-PaULI
|e AACR2
|
| 082 |
0 |
4 |
|a 792.09
|2 23
|
| 245 |
1 |
0 |
|a Theatre histories :
|b an introduction /
|c general editor Tobin Nellhaus.
|
| 250 |
|
|
|a 3rd edition
|
| 260 |
|
|
|a New York ;
|a London :
|b Routledge,
|c 2016.
|
| 300 |
|
|
|a xxiv, 632 σ. ;
|b εικ. :
|c 25 εκ.
|
| 504 |
|
|
|a Περιλαμβάνει βιβλιογραφικές σημειώσεις, γλωσσάρι και ευρετήριο.
|
| 650 |
|
4 |
|a Θέατρο
|x Ιστορία
|9 1956
|
| 650 |
|
4 |
|a Παραστατικές τέχνες
|9 36573
|
| 650 |
|
4 |
|a Παραστατικές τέχνες
|x Ιστορία
|9 131456
|
| 700 |
1 |
4 |
|a Nellhaus, Tobin.
|9 166296
|e επιμελητής
|
| 942 |
|
|
|2 ddc
|c BK15
|
| 998 |
|
|
|c ΜΑΝΙΑ
|d 2017-12
|